Gobierno inteligente : hacia un México competitivo /
Para los autores un gobierno inteligente es aquel en el cual las decisiones son tomadas con base en información técnica, ciudadana, de medios y administrativa, y que cuenta con un mecanismo de seguimiento sistematizado de sus acciones, así como una estrategia de comunicación de los avances generados...
Uloženo v:
| Hlavní autor: | |
|---|---|
| Další autoři: | , |
| Médium: | Kniha |
| Jazyk: | španělština |
| Vydáno: |
México :
Limusa,
2006, c2006
|
| Témata: | |
| Tagy: |
Žádné tagy, Buďte první, kdo vytvoří štítek k tomuto záznamu!
|
MARC
| LEADER | 00000nam^a2200000^a^4500 | ||
|---|---|---|---|
| 001 | 000189874 | ||
| 005 | 20250521000000.0 | ||
| 009 | 20260310102429.288 | ||
| 020 | |a 968-18-6886-2 | ||
| 020 | |a 978-968-18-6886-4 | ||
| 037 | |a Acervo ITESO - Biblioteca | ||
| 041 | |a ESP | ||
| 082 | |a 351. 310972 |b GOM | ||
| 100 | |a Gómez Cruz, Oscar |e (autor) | ||
| 245 | 1 | 0 | |a Gobierno inteligente : |b hacia un México competitivo / |c O. Gómez Cruz, J. Franco Corzo ; pról. de A. Siliceo Aguilar. |
| 264 | 4 | |a México : |b Limusa, |c 2006, c2006 | |
| 300 | |a 243 p. | ||
| 336 | |a texto |b txt |2 rdacontenido | ||
| 337 | |a sin mediación |b n |2 rdamedio | ||
| 338 | |a volumen |b nc |2 rdasoporte | ||
| 520 | |a Para los autores un gobierno inteligente es aquel en el cual las decisiones son tomadas con base en información técnica, ciudadana, de medios y administrativa, y que cuenta con un mecanismo de seguimiento sistematizado de sus acciones, así como una estrategia de comunicación de los avances generados. Bajo esta perspectiva en la presente obra se plantean propuestas tendientes a elevar la competitividad de México y mejorar la planeación de políticas de la administración publica desde el marco de los gobiernos estatales. | ||
| 649 | |a XX | ||
| 650 | |a Planeación Estratégica - |z México | ||
| 650 | |a Planeación Administrativa - |z México | ||
| 650 | |a Competitividad - |z México | ||
| 650 | |a Eficiencia Institucional - |z México | ||
| 650 | |a Cambio Organizacional | ||
| 650 | |a Toma de Decisiones - |z México | ||
| 650 | |a Políticas Públicas - |x Tema Principal | ||
| 650 | |a Sector Público - |z México | ||
| 650 | |a Desarrollo Económico-Social - |z México | ||
| 650 | |a Globalización | ||
| 650 | |a Administración Pública - |z México | ||
| 650 | |a Economía - |z México - |x Historia - |y Siglo XXI | ||
| 650 | |a Política - |z México - |x Historia - |y Siglo XXI | ||
| 700 | |a Franco Corzo, Julio |e (autor) | ||
| 700 | |a Siliceo Aguilar, Alfonso |e (prólogo) | ||
| 910 | |a Fondo General | ||
| 920 | |a Impresos - Libros | ||
| 930 | |a Colección General | ||
| 905 | |a 101 | ||
| 901 | |a 0500132932 |b IT1 |c ACC |u 20250521 | ||
| 902 | |a https://opac.biblio.iteso.mx/vufind/Record/000189874 | ||